000 00301nam a22001337a 4500
008 170622b xxu||||| |||| 00| 0 eng d
020 _a9780070544093
041 _aeng
080 _a328
100 _a21
101 _aSHP
245 _aSTATE AND LOCAL GONVERNMET
_cSAFFELL.D.C
942 _2udc
_cBK
999 _c18751
_d18751